MDQL
is popping MORE tags! Check the
thread
!
Quizzes
Events
Quiz Creation
Community
Videos
Private Events
Remove Ads
Sign In
Join for FREE
Feedback
Dark Mode
Quiz Categories
Sports
Geography
Music
Movies
Television
Just For Fun
Miscellaneous
History
Literature
Language
Science
Gaming
Entertainment
Religion
Holiday
For Kids
Quiz Lab
Recent
Popular Today
Quiz Kudos Today
Editor Picks
Curator Picks
Quizzes by...
Day
Popularity
Type
Ratings
Length
Year
Community
Subscriptions
Recent Discussions
Orange Saloon
Badges
Playlists
Quests
Create
Leaderboards
Showdown
Live 5
Trivia Bingo
Activity
Puzzle Library
Sporcle Events
Private Events
Virtual Trivia
Globe League
Become a Host
Pub Owners
SporcleCon
Opinionation
Our Games
Videos
Blog
Mobile Apps
Partnerships
Remove Ads and Go Orange
Feedback
Sports
Athletes
MLB
NBA
NHL
NFL
Soccer
Sports Teams
WWE
NCAA
Football
Premier League
Basketball
Baseball
Hockey
Golf
Tennis
Cricket
Rugby
Auto Racing
Olympics
World Cup
Sports
Athletes
MLB
NBA
NHL
NFL
Soccer
Sports Teams
WWE
NCAA
Football
Premier League
Basketball
Baseball
Hockey
Golf
Tennis
Cricket
Rugby
Auto Racing
Olympics
World Cup
Random Quiz
Search Sporcle
×
Quiz Lab
Quiz Lab
Sports
Leader
Type in answers that appear in a list
Type in answers that appear in a list
Classic
Best Score? Go Orange.
New York Jets Yearly Receiving Leaders Stats
Name the player(s) who led the New York Jets (formerly New York Titans) in receiving yards each season
By
zakyoung735
15m
55 Questions
87 Plays
87 Plays
87 Plays
Comments
Comments
Give Quiz Kudos
Give Quiz Kudos
-
- Ratings
hide this ad
Replay
Link that replays current quiz
Next Quiz
Link to next quiz in quiz playlist
You Got
0%
They Got
Avg Score
59%
Avg Friend Score
Upgrade to see
Score Distribution
Jump to the score distribution portion of the page
Score
0/55
Timer
15:00
0
Plays Today
Year
Player
% Correct
1995
Wayne Chrebet
85.1%
1996
Wayne Chrebet
85.1%
2000
Wayne Chrebet
85.1%
1997
Keyshawn Johnson
83.9%
1998
Keyshawn Johnson
83.9%
1999
Keyshawn Johnson
83.9%
2001
Laveranues Coles
83.9%
2002
Laveranues Coles
83.9%
2005
Laveranues Coles
83.9%
2006
Laveranues Coles
83.9%
1969
Don Maynard
81.6%
1960
Don Maynard
81.6%
1965
Don Maynard
81.6%
1967
Don Maynard
81.6%
1968
Don Maynard
81.6%
1970
Don Maynard
81.6%
2003
Santana Moss
81.6%
2004
Santana Moss
81.6%
1986
Al Toon
79.3%
1987
Al Toon
79.3%
1988
Al Toon
79.3%
1990
Al Toon
79.3%
2014
Eric Decker
75.9%
2010
Braylon Edwards
70.1%
1977
Wesley Walker
67.8%
1978
Wesley Walker
67.8%
1979
Wesley Walker
67.8%
1981
Wesley Walker
67.8%
Year
Player
% Correct
1982
Wesley Walker
67.8%
1983
Wesley Walker
67.8%
2007
Jerricho Cotchery
67.8%
2008
Jerricho Cotchery
67.8%
2009
Jerricho Cotchery
67.8%
2012
Jeremy Kerley
64.4%
2013
Jeremy Kerley
64.4%
2011
Dustin Keller
60.9%
1991
Rob Moore
48.3%
1992
Rob Moore
48.3%
1993
Rob Moore
48.3%
1994
Rob Moore
48.3%
1966
George Sauer
42.5%
1984
Mickey Shuler
34.5%
1985
Mickey Shuler
34.5%
1971
Rich Caster
27.6%
1972
Rich Caster
27.6%
1974
Rich Caster
27.6%
1975
Rich Caster
27.6%
1973
Jerome Barkum
25.3%
1961
Art Powell
19.5%
1962
Art Powell
19.5%
1963
Bake Turner
14.9%
1964
Bake Turner
14.9%
1976
David Knight
11.5%
1989
Jo-Jo Townsell
10.3%
1980
Bruce Harper
8%
Quiz Playlist
Details
Report
Send in Message
Add To Playlist
Classic:
Type in answers that appear in a list
Last Updated: Jun 7, 2018
Quiz Scoreboard
CHALLENGE
Sign Up to Join the Scoreboard
Show All
Scores
Hide
Comments
May contain spoilers
Recently Published
Image Sorting: Flags VI
by Barbecue
Geography
2m
Find the 'City' Movie
by crazypaving
Movies
60s
Colored Red Africa Blitz
by spor1
Geography
45s
More to Explore
Quiz From the Vault
Featured Blog Post
14 Easter Pick-up Lines to Find Eggs With
hide this ad
You Might Also Like...
Tags
Leader
New York Jets
Player
Receiving
season
Yard
Today's Top Quizzes in Sports
Browse Sports
hide this ad
Today's Top Quizzes in Leader
Browse Leader
Top Contributed Quizzes in Sports
1
Les meilleurs buteurs des matchs entre le PSG et l’OM
2
Les entraîneurs de l'OM et du PSG au 21e siècle
3
2022 World Cup Stars
4
Les joueurs passés par le PSG et l'OM
5
Players with Multiple 50 Home Run Seasons
6
Criteria MLB: Left Handed Sluggers
7
FIFA Club World Cup Champions
8
Les joueurs passés par le LOSC et le RC Lens
9
NBA Logic Puzzle 2.0
10
Top 10 NHL Goal Scorers of All Time
Explore More
Trending Topics
NBA
Marvel
Anime
Harry Potter
Disney
Crossword
Kpop
The Office
Song
Pokémon
Country
NFL
Puzzle
Soccer
WWE
hide this ad
More By:
zakyoung735
Quiz
Plays
Rating
Category
Featured
Created
Derek Jeter Tenured Teammates
3,528
4.64
Sports
Sep 17, 2014
Pittsburgh Pirates Top 50 Home Runs
896
4.17
Sports
Jun 4, 2014
Pittsburgh Pirates Top 50 Wins
627
4.75
Sports
Jun 4, 2014
NFL 10,000 Passing Yards One Team
617
4.70
Sports
Sep 22, 2014
NFL 1,500 Rushing Yard Seasons
525
4.38
Sports
Oct 17, 2014
Go to Creator's Profile
Score Distribution
Quiz Creator Spotlight
zakyoung735
Follow
Send a Message
Quizzes Created
-
Created Quiz Play Count
-
More By This Creator
Popular Quizzes Today
1
Colored Red Africa Blitz
2
Find the US States - No Outlines Minefield
3
Find the 'City' Movie
4
5x2 Blitz: Bands
5
The Countries of the World
6
Find the US States
7
Find the Countries of Europe - No Outlines Minefield
8
US States
More Sports Quizzes
Presidential All-Stars: Second Base
Curator's Pick
Trending Quizzes
Colored Red Europe Blitz I
Colored Red Africa Blitz II
Colored Red Europe Blitz II
Colored Red Africa Blitz III
Colored Red Europe Blitz III
Recently Updated
How Do You Spell That?
pecheneg
Godzilla Movies
pecheneg
Grab Bag: 4-10 Letters
pecheneg
2024 March Madness Bracket
pecheneg
Famous TV Couples
Peacemaker
Champions League XIs: Real Madrid
pecheneg
Largest US Cities 1790-2010
pecheneg
Rides in Walt Disney World
pecheneg
Most Oscar Losses (Acting)
pecheneg
Beyoncé Albums
pecheneg
Trending Topics
Disney
Harry Potter
Kpop
Crossword
NBA
Marvel
Anime
Song
The Office
NFL
Soccer
Puzzle
Country
Pokémon
WWE
Your Account Isn't Verified!
In order to create a playlist on Sporcle, you need to verify the email address you used during registration. Go to your
Sporcle Settings
to finish the process.
Report this User
Report this user for behavior that violates our
Community Guidelines
.
Details:
Send Report
Go to the Sporcle.com Mobile Site →
Comments